Подробности
| 000 -МАРКЕР |
| контрольное поле |
02023nam2a22003011 4500 |
| 001 - ИДЕНТИФИКАТОР ЗАПИСИ |
| контрольное поле |
rc\3936913 |
| 005 - ИДЕНТИФИКАТОР ВЕРСИИ |
| контрольное поле |
20250611031056.0 |
| 021 ## - НОМЕР ГОСУДАРСТВЕННОЙ РЕГИСТРАЦИИ |
| Код страны |
Российская Федерация |
| Номер |
[53-23415] |
| 035 ## - ДРУГИЕ СИСТЕМНЫЕ НОМЕРА |
| Идентификатор записи |
(NLR Aleph) 008036029 |
| 100 ## - ДАННЫЕ ОБЩЕЙ ОБРАБОТКИ |
| Данные общей обработки |
20130415d1948 |||y0rusy50 ca |
| 101 0# - ЯЗЫК РЕСУРСА |
| Язык текста, звукозаписи и т.д. |
русский |
| 102 ## - СТРАНА ПУБЛИКАЦИИ ИЛИ ПРОИЗВОДСТВА |
| Страна публикации |
Российская Федерация |
| 105 ## - ПОЛЕ КОДИРОВАННЫХ ДАННЫХ: ТЕКСТОВЫЕ МАТЕРИАЛЫ, МОНОГРАФИЧЕСКИЕ |
| Кодированные данные о монографическом текстовом документе |
a z ||||| |
| 200 1# - ЗАГЛАВИЕ И СВЕДЕНИЯ ОБ ОТВЕТСТВЕННОСТИ |
| Основное заглавие |
Огнестрельные ранения таза и мочеполовой системы |
| Первые сведения об ответственности |
Сост.: засл. деятель науки проф. А.В. Смирнов, д-р мед. наук Г.А. Гомзяков, проф. Б.А. Шмуклер |
| 210 ## - ПУБЛИКАЦИЯ, РАСПРОСТРАНЕНИЕ И ДР. |
| Место издания, распространения и т.д. |
[Ленинград] |
| Имя издателя, распространителя и т. д. |
Медгиз. Ленингр. отд-ние |
| Дата издания, распространения и т.д. |
1948 |
| Имя изготовителя |
Тип. М 305 |
| 215 ## - ФИЗИЧЕСКАЯ ХАРАКТЕРИСТИКА |
| Специфическое обозначение материала и объем |
324 с. |
| Другие сведения о физической характеристике |
ил. |
| 461 #0 - УРОВЕНЬ НАБОРА |
| Встроенное поле |
001rc\3936906 |
| -- |
2001#$aАтлас огнестрельных ранений$fПод ред. ген.-лейт. мед. службы действ. чл. Акад. мед. наук СССР П.А. Куприянова, полк. мед. службы проф. И.С. Колесникова$gГл. воен.-мед. упр. Вооруж. Сил СССР. 1-$v4. Кн. 2 |
| Системный номер (АБИС) связанной записи |
8851251 |
| Место публикации |
[Ленинград] |
| Дата публикации |
1948 |
| Первые сведения об ответственности |
Под ред. ген.-лейт. мед. службы действ. чл. Акад. мед. наук СССР П.А. Куприянова, полк. мед. службы проф. И.С. Колесникова |
| Имя издателя, распространителя и т.д. |
Медгиз. Ленингр. отд-ние |
| Заглавие |
Атлас огнестрельных ранений |
| Номер тома |
4. Кн. 2 |
| 606 ## - НАИМЕНОВАНИЕ ТЕМЫ КАК ПРЕДМЕТ |
| Наименование темы |
Таз |
| Тематический подзаголовок |
Раны и травмы, огнестрельные |
| Формальный подзаголовок |
Атласы (т. 4, кн. 2) |
| Код системы |
psbo |
| 606 ## - НАИМЕНОВАНИЕ ТЕМЫ КАК ПРЕДМЕТ |
| Наименование темы |
Мочеполовая система |
| Тематический подзаголовок |
Раны и травмы, огнестрельные |
| Формальный подзаголовок |
Атласы (т. 4, кн. 2) |
| Код системы |
psbo |
| 702 #1 - ИМЯ ЛИЦА - ВТОРИЧНАЯ ОТВЕТСТВЕННОСТЬ |
| Начальный элемент ввода |
Гомзяков |
| Часть имени, кроме начального элемента ввода |
Г.А. |
| Код отношения |
Составитель |
| 702 #1 - ИМЯ ЛИЦА - ВТОРИЧНАЯ ОТВЕТСТВЕННОСТЬ |
| Начальный элемент ввода |
Шмуклер |
| Часть имени, кроме начального элемента ввода |
Б.А. |
| Код отношения |
Составитель |
| 702 #1 - ИМЯ ЛИЦА - ВТОРИЧНАЯ ОТВЕТСТВЕННОСТЬ |
| Начальный элемент ввода |
Смирнов |
| Часть имени, кроме начального элемента ввода |
А.В. |
| Расширение инициалов личного имени |
Александр Васильевич |
| Код отношения |
Составитель |
| 801 #0 - ИСТОЧНИК ЗАПИСИ |
| Страна |
Российская Федерация |
| Организация |
NLR |
| Правила каталогизации |
psbo |
| 801 #1 - ИСТОЧНИК ЗАПИСИ |
| Страна |
Российская Федерация |
| Организация |
ELAR |
| Источник данных |
rusmarc |
| 852 ## - МЕСТОНАХОЖДЕНИЕ И ШИФР ХРАНЕНИЯ |
| Идентификатор организации |
NLR |
| Шифр хранения (Call Number) |
Мд40 Г-7/40 |
| 942 ## - ДОПОЛНИТЕЛЬНЫЕ ЭЛЕМЕНТЫ ЗАПИСИ (АБИС) |
| Тип экземпляра АБИС |
Книга |
| 980 ## - КОЛЛЕКЦИЯ |
| Название коллекции |
Национальная библиография |